Les Capitales d'Asie-Mort Subite-The Content Update - Statistiques

Statistiques générales
  • Ce quiz a été pris 112 fois
  • Le résultat moyen est 6 sur 8
Answers on the Grid
Answers color-coded by a green-red scale on the quiz's grid according to % correct below.
Moscou
Oulan-Bator
Astana
Le Caire
Jakarta
La Paz
Calcutta
Bagdad
Doha
Téhéran
Kuala Lumpur
Shanghaï
Sanaa
Karachi
 
Statistiques - réponses
Réponse % Correct
Oulan-Bator
84%
Jakarta
80%
Bagdad
78%
Kuala Lumpur
77%
Doha
74%
Téhéran
74%
Astana
73%
Sanaa
62%
Aucun quiz correspondant
Distribution des résultats
% des personnes avec chaque résultat
Percentile par nombre de réponses
Votre historique - résultats
Vous n’avez pas pris ce quiz